Blood Sport - Sleep Token (All Lyrics) - Statistics

General Stats
  • This quiz has been taken 108 times
  • The average score is 161 of 272
Answer Stats
Lyrics % Correct
I
95%
To
84%
Want
84%
I
80%
To
80%
Want
80%
Numbers
77%
Roll
77%
The
77%
Earth
75%
Even
75%
Feel
75%
If
75%
The
75%
A
73%
A
73%
A
73%
Again
73%
Align
73%
And
73%
Like
73%
My
73%
Skin
73%
Stars
73%
Again?
70%
Arrogance?
70%
Blood
70%
Blood
70%
Blood
70%
Breaks
70%
Can't
70%
For
70%
For
70%
Heavens
70%
I
70%
I
70%
I
70%
I
70%
In
70%
Invite
70%
Just
70%
Loving
70%
Loving
70%
Loving
70%
made
70%
Made
70%
Made
70%
Me
70%
Me
70%
Open
70%
Pay
70%
Sport
70%
Sport
70%
Sport
70%
The
70%
Up
70%
Win
70%
Won't
70%
Won't
70%
Won't
70%
You
70%
You
70%
You
70%
You
70%
You
70%
You
70%
Your
70%
Burnt
68%
Me
68%
Show
68%
Weakness?
68%
Would
68%
Your
68%
A
66%
A
66%
I
66%
A
64%
And
64%
Blood
64%
Blood
64%
I
64%
I
64%
Loving
64%
Loving
64%
Made
64%
Made
64%
Sport
64%
Sport
64%
You
64%
You
64%
Atoms
61%
Blood
61%
Can't
61%
Fusing
61%
I
61%
I'm
61%
Let's
61%
Loving
61%
Made
61%
Play
61%
So
61%
Somewhere
61%
Somewhere
61%
Sport
61%
Still
61%
Stopped
61%
The
61%
Win
61%
You
61%
Your
61%
And
59%
A
57%
Be
57%
Choke
57%
Choosing
57%
Chunks
57%
Even
57%
Favorite
57%
Forgiven
57%
I
57%
I
57%
If
57%
My
57%
My
57%
Of
57%
Of
57%
Own
57%
Regret
57%
Sins
57%
Sky
57%
Still
57%
The
57%
To
57%
To
57%
Up
57%
Want
57%
Want
57%
Weapon
57%
You
57%
You're
57%
A
55%
A
55%
A
55%
A
55%
A
55%
A
55%
Doesn't
55%
I
55%
In
55%
In
55%
"It
55%
Matter"
55%
Out
55%
Pattern
55%
Quantum
55%
Say,
55%
Stuck
55%
There
55%
A
52%
And
52%
And
52%
And
52%
Blood
52%
Blood
52%
Blood
52%
Blood
52%
Blood
52%
Blood
52%
Can't
52%
Can't
52%
Cracks
52%
Doesn't
52%
I
52%
I
52%
I
52%
I
52%
I
52%
I
52%
I
52%
I
52%
"It
52%
Loving
52%
Loving
52%
Loving
52%
Loving
52%
Loving
52%
Loving
52%
Made
52%
Made
52%
Made
52%
Made
52%
Made
52%
Made
52%
Matter"
52%
Never
52%
Said
52%
Say,
52%
Sport
52%
Sport
52%
Sport
52%
Sport
52%
Sport
52%
Sport
52%
Tangled
52%
What
52%
WIn
52%
Win
52%
With
52%
You
52%
You
52%
You
52%
You
52%
You
52%
You
52%
You
52%
You
52%
You
52%
Again?
50%
Arrogance
50%
Atoms
50%
Choosing
50%
Favorite
50%
For
50%
For
50%
Fusing
50%
Heavens
50%
I
50%
I'm
50%
In
50%
In
50%
Invite
50%
Just
50%
Let
50%
Me
50%
Me
50%
Me
50%
Me
50%
My
50%
My
50%
Never
50%
Of
50%
Open
50%
Out
50%
Pattern
50%
Pay
50%
Quantum
50%
Regret
50%
Said
50%
Show
50%
Somewhere
50%
Somewhere
50%
Still
50%
Still
50%
Stopped
50%
Stuck
50%
The
50%
The
50%
There
50%
Up
50%
Weakness
50%
Weapon
50%
Won't
50%
Won't
50%
Would
50%
Your
50%
Your
50%
You're
50%
Tangled
48%
What
48%
With
45%
Morning
41%
The
41%
No matching quizzes found
Score Distribution
Percent of People with Each Score
Percentile by Number Answered
Your Score History
You have not taken this quiz